MARC

LEADER 00000nab a2200000 a 4500
001 vtls000835294
003 SK-MaSNL
005 20260304130315.0
008 250429c2002 xo 0 slo
015 |a SNBRB2003/05-ccccc 
035 |a CLN000186949 
035 |a urn:nbn:sk:snk-ab2jjp 
035 |a (urnnbn)urn:nbn:sk:snk:ar-a02i9u 
035 |a (uuid)98c8486e-f2d2-4d56-b975-725caaa0b7d3 
040 |a SNKBUCL  |b slo  |c SNKBUCL  |e AACR2 
041 0 |a slo 
044 |a xo  |c SK 
080 |a 547.422.23:615.06  |2 1997 
100 1 |a Kákošová, Vlasta  |4 aut  |9 20694 
245 1 0 |a Význam a prínos monitorovania nežiaducich účinkov liekov  |c Vlasta Kákošová 
300 |b Obr. 
504 |a Bibliogr. odkazy 
650 0 7 |a prípravky farmaceutické  |x nežiadúce účinky  |2 snkbucl  |9 842145 
650 0 7 |a zákonodarstvo farmaceutické  |2 snkbucl  |9 1220390 
650 0 7 |a kontrola liekov a narkotík  |x zákonodarstvo a právna veda  |x organizácia a riadenie  |2 snkbucl  |9 1440960 
650 0 7 |a propylénglykol  |x nežiadúce účinky  |2 snkbucl  |9 1440961 
650 0 7 |a monitorovanie liekov  |x nežiadúce účinky  |2 snkbucl  |9 1440962 
650 0 7 |a systémy ohlasovania nežiadúcich účinkov liekov  |x zákonodarstvo a právna veda  |x organizácia a riadenie  |2 snkbucl  |9 845135 
655 7 |a články z novín a časopisov  |2 snkbucl  |9 267496 
773 0 |t Lekárnik  |g Roč. 7, č. 10 (2002), s. 21 
850 |a Slovenská národná knižnica 
852 |a Slovenská národná knižnica 
954 |a odborná, vedecká literatúra pôvodná (slovenská)  |2 lita 
958 |a article27 
958 |a OND 
958 |a MI 
958 |a NB 
958 |a EUIPO 
992 |a RBX 
999 |c 2895331  |d 2897261